Ethnicity in the America (Record no. 550638)

MARC details
000 -LEADER
fixed length control field 00667nam a2200241Ia 4500
003 - CONTROL NUMBER IDENTIFIER
control field OSt
005 - DATE AND TIME OF LATEST TRANSACTION
control field 20220925204856.0
008 - FIXED-LENGTH DATA ELEMENTS--GENERAL INFORMATION
fixed length control field 220923b |||||||| |||| 00| 0 eng d
037 ## - SOURCE OF ACQUISITION
Terms of availability General Book
040 ## - CATALOGING SOURCE
Original cataloging agency RTL
Transcribing agency RTL
Language of cataloging eng
041 ## - LANGUAGE CODE
Source of code eng
Language code of text/sound track or separate title eng
100 ## - MAIN ENTRY--PERSONAL NAME
Personal name Henry Frances Ed.
9 (RLIN) 269178
245 #0 - TITLE STATEMENT
Title Ethnicity in the America
260 ## - PUBLICATION, DISTRIBUTION, ETC.
Place of publication, distribution, etc. Hague
Name of publisher, distributor, etc. Mounton
Date of publication, distribution, etc. 1976
300 ## - PHYSICAL DESCRIPTION
Extent xi,456p
Dimensions cm.
490 ## - SERIES STATEMENT
Series statement World Anthropology Ed by Sol Tax
650 ## - SUBJECT ADDED ENTRY--TOPICAL TERM
Topical term or geographic name entry element American Society
9 (RLIN) 240334
942 ## - ADDED ENTRY ELEMENTS (KOHA)
Classification part Y773.N7, L6
Koha item type General Books
Source of classification or shelving scheme Colon Classification (CC)
Holdings
Withdrawn status Lost status Damaged status Not for loan Home library Current library Date acquired Total Checkouts Full call number Barcode Date last seen Price effective from Koha item type
        Ratan Tata Library Ratan Tata Library 2022-09-25   Y773.N7 L6 RT0593029 2022-09-25 2022-09-25 General Books
Copyright @ Delhi University Library System